000 00368nam a2200157Ia 4500
008 221030s9999 xx 000 0 und d
020 _a8188114081
041 _aEnglish
082 _a105.23
100 _aF. Husain
245 0 _aDigital Signal Processing
_cby F. Husain
260 _bUmesh Pub
_aDelhi
_c2007
300 _a620
650 _aBE Computer
942 _cBK
999 _c3069
_d3069